Les communes de la CC Région d'Audruicq (CCRA) - Statistiques

Statistiques générales
  • Ce quiz a été pris 10 fois
  • Le résultat moyen est 11 sur 15
Statistiques - réponses
Communes % Correct
Audruicq
100%
Guemps
86%
Nortkerque
86%
Nouvelle-Eglise
86%
Saint-Folquin
86%
Vieille-Eglise
86%
Zutkerque
86%
Muncq-Nieurlet
71%
Offekerque
71%
Oye-Plage
71%
Polincove
71%
Sainte-Marie-Kerque
71%
Recques-sur-Hem
57%
Ruminghem
57%
Saint-Omer-Capelle
57%
Aucun quiz correspondant
Distribution des résultats
% des personnes avec chaque résultat
Percentile par nombre de réponses
Votre historique - résultats
Vous n’avez pas pris ce quiz